Famous motorcycle racer nicknames - Statistics

General Stats
  • This quiz has been taken 20 times
  • The average score is 2 of 20
Answer Stats
Hint Answer % Correct
Valentino Rossi The Doctor
100%
Nicky Hayden The Kentucky Kid
31%
Colin Edwards Texas Tornado
25%
Freddie Spencer Fast Freddie
13%
Mike Hailwood The Bike
13%
Fabio Quartararo The Devil
13%
Anthony Gobert The Go-Show
13%
Troy Bayliss Baylisstic
6%
Mika Kallio Flying Finn
6%
Kenny Roberts King Kenny
6%
Noriyuki Haga Nitro Nori
6%
Marc Marquez Baby Alien
0%
Steve Hislop Hizzy
0%
Joey Dunlop King of the Road
0%
Max Biaggi Mad Max
0%
Renzo Pasolini Paso
0%
Jarno Saarinen The Baron
0%
Carl Fogarty The Blackburn Bullet
0%
Wayne Gardner The Whiz
0%
Chris Vermeulen Vermin
0%
No matching quizzes found
Score Distribution
Percent of People with Each Score
Percentile by Number Answered
Your Score History
You have not taken this quiz